Регионална библиотека "Любен Каравелов" - Русе

Смок : село по време на любов (Запис номер 526589)

MARC детайли
000 -Лидер
Лидер 00877nam a2200241 a 4500
003 - Код на организацията, давaща контролен номер
Код на организацията, даваща контролен номер BLK
005 - Дата и час на последна редакция
Дата и час на последна редакция 20250801102922.0
008 - Елементи от данни с фиксирана дължина
Елементи с фиксирана дължина 200909b bu |||||r|||| 00| j bu d
020 ## - Международен стандартен номер на книга ISBN
ISBN 9789542848516
040 ## - Източник на каталожния запис
Код на библиотеката BLK
041 ## - Код за език
Език Български
Език за КДБФ Български
080 ## - УДК
УДК текст Българска литература
УДК код 821.163.2
УДК – определител -31
УДК – код + определител 821.163.2-31
084 ## - Класификационен индекс по друга класификация
Авторски знак Лоз - Л 79
100 ## - Редна дума - Автор
R(LIN) 433454
Автор Лозанова, Ели Ангелова
245 ## - Сведения за заглавието
Заглавие Смок : село по време на любов
Подзаглавни данни роман
Авторска отговорност Ели Лозанова
257 ## - Страна на издаване
Страна на създаване/издаване България
260 ## - Област на издателските данни
9 (RLIN) 217021
Място на издаване София
Име на издателя Сиела Норма
Година на издаване 2024
Издателство - префикс ISBN 978-954-28-
300 ## - Физическа характеристика
Брой страници 616 с.
Размер 20 см
380 ## - Жанр
Жанр Худож. лит.
942 ## - АРТИКУЛИ
Вид на библиотечния документ Книги
Скрит в OPAC Не
Периодичен библиозапис Не
Koha issues (borrowed), all copies 6
944 ## - СЪЗДАВАНЕ И РЕДАКЦИЯ на ЗАПИСА
Създаване/Редакция
Дата на регистрацията/редакция Иваничка Йорданова
Служител, извършил регистрацията/редакцията 30531
Номер на служител Цветелина Шанова
999 ## - СИСТЕМНИ КОНТРОЛНИ НОМЕРА
Koha biblionumber 526589
Koha biblioitemnumber 526589
Наличности
Код за отписване Код за изгубен артикул Източник на класификационната схема Код за повреда Код за отдаване Артикулен № Име на библиотеката - собственик Име на библиотеката, в която се намира в момента Статус (Текущо местоположение) Дата на вписване в системата Местоположение - отдел Цена в лева Инвентарен номер Систематично азбучна сигнатура Баркод Цена в евро Служебен тип на артикула
  Не е изгубен Universal Decimal Classification Не е повреден заемане за дома 960424 Регионална библиотека "Любен Каравелов" Русе Регионална библиотека "Любен Каравелов" Русе Заемна - подръчен фонд 2025-02-07 Заемна - подръчен фонд 17.51 120000917693 821.163.2-31/Л 79 Е 120000917693 8.95 Книги
Vip Innovations Ltd, Rousse, Bulgaria 2025